Mathematical Problems in Image Processing : (Record no. 16605)
[ view plain ]
| 000 -LEADER | |
|---|---|
| fixed length control field | 01328cam a22002894a 4500 |
| 001 - CONTROL NUMBER | |
| control field | 14353044 |
| 005 - DATE AND TIME OF LATEST TRANSACTION | |
| control field | 20080311112319.0 |
| 008 - FIXED-LENGTH DATA ELEMENTS--GENERAL INFORMATION | |
| fixed length control field | 060425s2006 nyua b 001 0 eng c |
| 020 ## - INTERNATIONAL STANDARD BOOK NUMBER | |
| International Standard Book Number | 9780387322001 |
| 020 ## - INTERNATIONAL STANDARD BOOK NUMBER | |
| International Standard Book Number | 0387322000 (hd. bd. : acidfree paper) |
| 020 ## - INTERNATIONAL STANDARD BOOK NUMBER | |
| International Standard Book Number | 0387217665 (ebook) |
| 040 ## - CATALOGING SOURCE | |
| Original cataloging agency | INT |
| Transcribing agency | INT |
| Modifying agency | BAKER |
| -- | OHX |
| -- | UMC |
| -- | IXA |
| -- | YDXCP |
| -- | OCLCQ |
| -- | LHL |
| -- | DLC |
| 082 00 - DEWEY DECIMAL CLASSIFICATION NUMBER | |
| Classification number | 621.3670151 |
| Edition number | 22 |
| Item number | AUB |
| 100 1# - MAIN ENTRY--PERSONAL NAME | |
| Personal name | Aubert, Gilles. |
| 9 (RLIN) | 29462 |
| 245 10 - TITLE STATEMENT | |
| Title | Mathematical Problems in Image Processing : |
| Remainder of title | Partial Differential Equations and the Calculus of Variations / |
| Statement of responsibility, etc | Gilles Aubert, Pierre Kornprobst. |
| 250 ## - EDITION STATEMENT | |
| Edition statement | Second edition. |
| 260 ## - PUBLICATION, DISTRIBUTION, ETC. (IMPRINT) | |
| Place of publication, distribution, etc | New York : |
| Name of publisher, distributor, etc | Springer, |
| Date of publication, distribution, etc | c2006. |
| 300 ## - PHYSICAL DESCRIPTION | |
| Extent | xxxi, 377 p. : |
| Other physical details | ill. ; |
| Dimensions | 25 cm. |
| 490 1# - Series Statement | |
| Series statement | Applied mathematical sciences ; |
| Volume/sequential designation | 147 |
| -- | 29463 |
| 504 ## - BIBLIOGRAPHY, ETC. NOTE | |
| Bibliography, etc | Includes bibliographic references (p. [349]-371) and index. |
| 650 #0 - SUBJECT ADDED ENTRY--TOPICAL TERM | |
| Topical term or geographic name as entry element | Image processing |
| General subdivision | Mathematics. |
| 9 (RLIN) | 29464 |
| 653 ## - INDEX TERM--UNCONTROLLED | |
| Resource For college | |
| Arrived date list | March2012 |
| 700 1# - ADDED ENTRY--PERSONAL NAME | |
| Personal name | Kornprobst, Pierre. |
| 9 (RLIN) | 29465 |
| 942 ## - ADDED ENTRY ELEMENTS (KOHA) | |
| Source of classification or shelving scheme | Dewey Decimal Classification |
| Item type | Book - Borrowing |
| Withdrawn status | Item status | Source of classification or shelving scheme | Damaged status | Not for loan | Vendor | Home library | Current library | Shelving location | Date acquired | Source of acquisition | Total Checkouts | Full call number | Barcode | Date last seen | Koha item type |
|---|---|---|---|---|---|---|---|---|---|---|---|---|---|---|---|
| Dewey Decimal Classification | Alef book stores | Central Library | Central Library | First floor | 26/03/2012 | Donation | 621.3670151 AUB | 000026537 | 15/07/2025 | Book - Borrowing |